Equipos que empiezan por la B - Estadísticas

Estadísticas generales
  • Esta prueba ha sido intentada 38 veces
  • La puntuación promedio es 14 de 20
Estadísticas de respuestas
Imagen Respuesta % Correcto
Bayern de Múnich
100%
Boca Juniors
100%
S. L. Benfica
100%
F. C. Barcelona
95%
Borussia Dortmund
89%
Bayer Leverkusen
86%
Botafogo
86%
Beşiktaş J. K.
76%
F. C. Basilea
76%
AFC Bournemouth
73%
Borussia Mönchengladbach
70%
Brentford
68%
Blackburn Rovers
65%
Brighton & Hove Albion F. C.
65%
Stade Brest
65%
Burnley F. C.
59%
Girondins de Burdeos
59%
Blackpool F. C.
41%
S. C. Bastia
38%
BATE Borísov
32%
No se encontraron pruebas coincidentes
Distribución de puntuación
Porcentaje de gente con cada puntuación
Porcentaje por número respondido
Historial de tus puntuaciones
No has intentado esta prueba.